| 000 | 00406nam a2200145Ia 4500 | ||
|---|---|---|---|
| 008 | 230917s9999||||xx |||||||||||||| ||und|| | ||
| 040 |
_e169970 _aMAIN |
||
| 041 | _aEnglish | ||
| 082 | _a891.431731 IR1G | ||
| 100 | _aरब्बी, इब्बार | ||
| 245 | 0 | _aधोषणा पत्र | |
| 260 |
_aनई दिल्ली _bअक्षय _c1981 |
||
| 300 | _a88 पृ. p. | ||
| 942 | _cHN | ||
| 999 |
_c226820 _d226820 |
||